<?xml version="1.0" encoding="UTF-8"?>
<record
    xmlns:xsi="http://www.w3.org/2001/XMLSchema-instance"
    xsi:schemaLocation="http://www.loc.gov/MARC21/slim http://www.loc.gov/standards/marcxml/schema/MARC21slim.xsd"
    xmlns="http://www.loc.gov/MARC21/slim">

  <leader>01867    a2200229   4500</leader>
  <controlfield tag="001">54616</controlfield>
  <controlfield tag="005">20260407155820.0</controlfield>
  <controlfield tag="008">260407a1998    arg                 spa d</controlfield>
  <controlfield tag="003">AR-UNSa-BCEJYS</controlfield>
  <datafield tag="040" ind1=" " ind2=" ">
    <subfield code="a">AR-UNSa-BCEJYS</subfield>
    <subfield code="b">spa</subfield>
    <subfield code="c">AR-UNSa-BCEJYS</subfield>
  </datafield>
  <datafield tag="080" ind1=" " ind2=" ">
    <subfield code="a">329.12</subfield>
    <subfield code="x">Corriente liberal</subfield>
  </datafield>
  <datafield tag="245" ind1="1" ind2="0">
    <subfield code="a">Despu&#xE9;s del liberalismo</subfield>
  </datafield>
  <datafield tag="020" ind1=" " ind2=" ">
    <subfield code="a">968-23-2033-X</subfield>
  </datafield>
  <datafield tag="250" ind1=" " ind2=" ">
    <subfield code="a">2a. ed.</subfield>
  </datafield>
  <datafield tag="264" ind1=" " ind2="1">
    <subfield code="a">M&#xE9;xico :</subfield>
    <subfield code="b">Siglo Veintiuno editores</subfield>
    <subfield code="c">1998</subfield>
  </datafield>
  <datafield tag="300" ind1=" " ind2=" ">
    <subfield code="a">268 p.</subfield>
    <subfield code="c">21 cm.</subfield>
  </datafield>
  <datafield tag="505" ind1=" " ind2=" ">
    <subfield code="a">Primera parte: Despu&#xE9;s del decenio de 1990: &#xBF;Es posible reconstruir? - 1. La guerra fr&#xED;a y el tercer mundo: &#xBF;Los buenos tiempos pasados? - 2. Paz,estabilidad y legitimaci&#xF3;n,1990-2025/2050 - 3. &#xBF;Qu&#xE9; esperanza hay para &#xC1;frica? &#xBF;Qu&#xE9; esperanza hay para el mundo? - Segunda parte: La construcci&#xF3;n y el triunfo de la ideolog&#xED;a liberal - 4. &#xBF;Tres ideolog&#xED;as o una? La seudobatalla de la modernidad - 5. El liberalismo y la legitimaci&#xF3;n de los estdaos-naci&#xF3;n: Una interpretaci&#xF3;n hist&#xF3;rica - 6. El concepto de desarrollo nacional 1917-1989: Eleg&#xED;a y r&#xE9;quiem - Tercera parte: Los dilemas hist&#xF3;ricos de los liberales - 7. &#xBF;El fin de cu&#xE1;l modernidad? - 8. Las insuperables contradicciones del liberalismo: Los derechos humanos y los derechos de los pueblos en la geo-cultura del sistema mundial moderno - 9. &#xBF;Geocultura del desarrollo o la transformaci&#xF3;n de nuestra geocultura? - 10. Estados Unidos y el mundo: Hoy,ayer y ma&#xF1;ana - Cuarta parte: &#xBF;La muerte del socialismo o el capitalismo en peligro de muerte? - 11. La revoluci&#xF3;n como estrategia y las t&#xE1;cticas de transformaci&#xF3;n - 12. El marxismo despu&#xE9;s de la ca&#xED;da de los comunismos - 13. El colapso del liberalismo - 14. Las agon&#xED;as del liberalismo.&#xBF;Qu&#xE9; esperar del progreso?</subfield>
  </datafield>
  <datafield tag="942" ind1=" " ind2=" ">
    <subfield code="c">BK</subfield>
  </datafield>
  <datafield tag="590" ind1=" " ind2=" ">
    <subfield code="a">niveau_biblio:m niveau_hierar:0</subfield>
  </datafield>
  <datafield tag="100" ind1="1" ind2=" ">
    <subfield code="a">Wallerstein, Immanuel</subfield>
  </datafield>
  <datafield tag="700" ind1="1" ind2=" ">
    <subfield code="a">Mastrangelo, Stella</subfield>
  </datafield>
  <datafield tag="999" ind1=" " ind2=" ">
    <subfield code="c">5690</subfield>
    <subfield code="d">5690</subfield>
  </datafield>
  <datafield tag="952" ind1=" " ind2=" ">
    <subfield code="0">0</subfield>
    <subfield code="1">0</subfield>
    <subfield code="4">0</subfield>
    <subfield code="7">0</subfield>
    <subfield code="a">BCEJYS</subfield>
    <subfield code="b">BCEJYS</subfield>
    <subfield code="c">16</subfield>
    <subfield code="d">2026-04-07</subfield>
    <subfield code="l">0</subfield>
    <subfield code="o">329.12 W187</subfield>
    <subfield code="p">L86803</subfield>
    <subfield code="r">2026-04-07 15:58:20</subfield>
    <subfield code="w">2026-04-07</subfield>
    <subfield code="y">L</subfield>
  </datafield>
</record>
